[Event "4th EUR-ch"]
[Site "Istanbul TUR"]
[Date "2003.06.11"]
[Round "11.65"]
[White "Vajda, Levente"]
[Black "Solak, Dragan"]
[Result "0-1"]
[WhiteElo "2592"]
[BlackElo "2514"]
[EventDate "2003.05.30"]
[PlyCount "154"]

1.e4 c5 2.c3 Nf6 3.e5 Nd5 4.d4 cxd4 5.Nf3 e6 6.cxd4 d6 7.Bc4 Nb6 8.Bd3 Nc6
9.a3 dxe5 10.dxe5 Nd7 11.Bb5 Qc7 12.O-O Ndxe5 13.Nxe5 Qxe5 14.Nc3 Be7 15.
Qf3 O-O 16.Bf4 Qc5 17.b4 Qb6 18.Qg3 e5 19.Be3 Nd4 20.Qxe5 Bf6 21.Qf4 Qxb5 
22.Bxd4 Qc4 23.Rad1 Be6 24.Qe3 Bxd4 25.Rxd4 Qb3 26.Nb5 Qxe3 27.fxe3 Rfc8 
28.Nd6 Rc7 29.e4 Kf8 30.Rfd1 Ke7 31.R1d2 g6 32.Kf2 f6 33.a4 b6 34.Nb5 Rd7 
35.Ke3 Rxd4 36.Nxd4 Rc8 37.a5 Bd7 38.axb6 axb6 39.Rc2 Ra8 40.Kd3 Kd6 41.
Nf3 Ra3+ 42.Rc3 Ra4 43.Rb3 Ra2 44.Nd2 Bb5+ 45.Ke3 g5 46.g3 h5 47.Nf3 Re2+ 
48.Kd4 g4 49.Nh4 Rd2+ 50.Ke3 Re2+ 51.Kf4 Rf2+ 52.Ke3 Rxh2 53.Rc3 Re2+ 54.
Kf4 Rf2+ 55.Ke3 Re2+ 56.Kf4 Rf2+ 57.Ke3 Rb2 58.Rc8 Rxb4 59.Rd8+ Ke6 60.Rc8
Kd6 61.Rf8 Ke6 62.Rc8 Bd7 63.Rc1 Rb3+ 64.Kf4 b5 65.Ra1 Rc3 66.Rf1 b4 67.
Nf5 Rf3+ 68.Rxf3 gxf3 69.Nd4+ Kd6 70.Nxf3 Be6 71.e5+ fxe5+ 72.Nxe5 Kd5 73.
Nd3 Kc4 74.Ke3 Kc3 75.Nf4 b3 76.Ne2+ Kc2 77.Nd4+ Kd1 0-1

[Event "4th EUR-ch"]
[Site "Istanbul TUR"]
[Date "2003.06.11"]
[Round "11.67"]
[White "Erenburg, Sergey"]
[Black "Izoria, Zviad"]
[Result "1/2-1/2"]
[WhiteElo "2499"]
[BlackElo "2569"]
[EventDate "2003.05.30"]
[PlyCount "47"]

1.e4 c5 2.c3 d5 3.exd5 Qxd5 4.d4 Nf6 5.Nf3 e6 6.Be3 cxd4 7.cxd4 Nc6 8.a3 
Be7 9.Nc3 Qd6 10.Bd3 b6 11.O-O Bb7 12.Qe2 O-O 13.Rad1 Rad8 14.Bb1 Qb8 15.
Bg5 Rfe8 16.Rfe1 g6 17.h3 Nh5 18.Qe3 Bxg5 19.Qxg5 Ne7 20.Be4 Nd5 21.Nxd5 
Bxd5 22.Bxd5 Rxd5 23.Qe3 Nf6 24.Rc1 1/2-1/2

[Event "4th EUR-ch"]
[Site "Istanbul TUR"]
[Date "2003.06.11"]
[Round "11.69"]
[White "Glek, Igor"]
[Black "Marcelin, Cyril"]
[Result "1/2-1/2"]
[WhiteElo "2551"]
[BlackElo "2503"]
[EventDate "2003.05.30"]
[PlyCount "114"]

1.e4 c5 2.Nf3 g6 3.d4 cxd4 4.Nxd4 Nc6 5.Nc3 Bg7 6.Be3 Nf6 7.Bc4 O-O 8.Bb3 
d6 9.f3 Nxd4 10.Bxd4 Be6 11.Qd2 Rc8 12.O-O-O Bxb3 13.cxb3 a6 14.Kb1 Nd7 
15.Nd5 Bxd4 16.Qxd4 Re8 17.h4 Nf6 18.Nxf6+ exf6 19.Qxd6 Qxd6 20.Rxd6 f5 
21.exf5 gxf5 22.Rc1 Rxc1+ 23.Kxc1 Re1+ 24.Rd1 Re2 25.Rd2 Re1+ 26.Kc2 Rh1 
27.Kd3 Rxh4 28.Ke3 Kg7 29.Rd7 Rb4 30.Rd4 Rb6 31.Kf4 Kg6 32.b4 Rc6 33.b3 
Rc2 34.g3 Rxa2 35.Rd7 b5 36.Rd6+ f6 37.Rd8 Rb2 38.Rg8+ Kf7 39.Ra8 Rxb3 40.
Rxa6 Kg6 41.Ra8 Rxb4+ 42.Ke3 f4+ 43.gxf4 Kf5 44.Rd8 Rb3+ 45.Kf2 Kxf4 46.
Rd4+ Kg5 47.Rg4+ Kf5 48.Rh4 Rb2+ 49.Kg3 b4 50.Rxh7 b3 51.Rb7 Rb1 52.Rb5+ 
Ke6 53.Kf4 b2 54.Rb6+ Kd5 55.Rb8 Kc4 56.Rc8+ Kd3 57.Rd8+ Kc3 1/2-1/2

[Event "4th EUR-ch"]
[Site "Istanbul TUR"]
[Date "2003.06.11"]
[Round "11.70"]
[White "Stevic, Hrvoje"]
[Black "Kurnosov, Igor"]
[Result "1-0"]
[WhiteElo "2550"]
[BlackElo "2500"]
[EventDate "2003.05.30"]
[PlyCount "109"]

1.e4 c5 2.c3 Nf6 3.e5 Nd5 4.d4 cxd4 5.Nf3 Nc6 6.cxd4 d6 7.Bc4 Nb6 8.Bb5 
dxe5 9.Nxe5 Bd7 10.Nxd7 Qxd7 11.Nc3 e6 12.O-O a6 13.Bxc6 Qxc6 14.Qg4 Rd8 
15.Be3 Nd5 16.Rac1 Nf6 17.Qe2 Be7 18.d5 exd5 19.Bd4 Qe6 20.Rfe1 O-O 21.
Qxe6 fxe6 22.Rxe6 Kf7 23.Re2 Bb4 24.f3 Rc8 25.Rec2 Bc5 26.Ne2 Bxd4+ 27.
Nxd4 Rxc2 28.Rxc2 Rd8 29.Kf2 Ne8 30.h4 Rd7 31.Ke3 Nc7 32.Kf4 Kf6 33.Re2 
Rd6 34.g4 Rb6 35.a3 h6 36.g5+ hxg5+ 37.hxg5+ Kf7 38.Ke5 Nb5 39.f4 Nxd4 40.
Kxd4 Kg6 41.b4 Kf5 42.Re7 Kxf4 43.Rxg7 a5 44.Kc5 Rc6+ 45.Kxd5 Rc3 46.g6 
Kf5 47.Rxb7 Kxg6 48.Ra7 Rxa3 49.Rxa5 Rf3 50.Ra1 Rf5+ 51.Kc6 Rf6+ 52.Kc5 
Rf5+ 53.Kb6 Rf6+ 54.Ka5 Rf7 55.Re1 1-0

[Event "4th EUR-ch"]
[Site "Istanbul TUR"]
[Date "2003.06.11"]
[Round "11.71"]
[White "David, Alberto"]
[Black "Palo, Davor"]
[Result "1-0"]
[WhiteElo "2548"]
[BlackElo "2472"]
[EventDate "2003.05.30"]
[PlyCount "108"]

1.d4 Nf6 2.c4 e6 3.Nf3 b6 4.g3 Ba6 5.b3 Bb4+ 6.Bd2 Be7 7.Bg2 c6 8.Bc3 d5 
9.Nbd2 Nbd7 10.O-O O-O 11.Re1 Qc7 12.e4 dxe4 13.Nxe4 Rad8 14.Qc2 Bb7 15.
Nxf6+ Nxf6 16.c5 Nd5 17.b4 Bf6 18.h4 Ba6 19.Bd2 h6 20.Re4 Rd7 21.Rae1 Ne7 
22.g4 Rfd8 23.Bf4 Qb7 24.Bd6 Ng6 25.g5 hxg5 26.hxg5 Be7 27.Bg3 bxc5 28.
bxc5 Nf8 29.Rb1 Qa8 30.Ne5 Rd5 31.Rg4 Qc8 32.Bxd5 exd5 33.Re1 Re8 34.Re3 
Bd8 35.Qd1 f5 36.gxf6 Bxf6 37.Qf3 Re6 38.Bf4 Qe8 39.Ra3 Bc8 40.Rxa7 Re7 
41.Rxe7 Qxe7 42.Rg3 Qe8 43.Bh6 Kh8 44.Qh1 Kg8 45.Bf4 Bf5 46.Qh6 Qe6 47.Qh2
Nd7 48.Qh5 Nf8 49.Re3 Be4 50.f3 Bf5 51.Bg5 g6 52.Qh6 Bg7 53.Qh4 Qc8 54.Bh6
Ne6 1-0

[Event "4th EUR-ch"]
[Site "Istanbul TUR"]
[Date "2003.06.11"]
[Round "11.72"]
[White "Sulypa, Olexandr"]
[Black "Gershon, Alik"]
[Result "1/2-1/2"]
[WhiteElo "2492"]
[BlackElo "2543"]
[EventDate "2003.05.30"]
[PlyCount "55"]

1.d4 Nf6 2.Nf3 e6 3.c4 b6 4.a3 Bb7 5.Nc3 d5 6.Bf4 Bd6 7.Bg3 O-O 8.e3 a6 9.
cxd5 exd5 10.Bd3 Re8 11.b4 Nbd7 12.Qb3 Nf8 13.Ne5 Nh5 14.f4 Bxe5 15.fxe5 
Nxg3 16.hxg3 Qg5 17.Kf2 c5 18.bxc5 bxc5 19.Ne2 Rab8 20.Qc2 g6 21.Qxc5 f6 
22.Ng1 fxe5 23.Nf3 Qf6 24.dxe5 Rxe5 25.Qd4 Rbe8 26.Rab1 Ba8 27.Rb6 Qf7 28.
Re1 1/2-1/2

[Event "4th EUR-ch"]
[Site "Istanbul TUR"]
[Date "2003.06.11"]
[Round "11.73"]
[White "Moor, Roger"]
[Black "Brynell, Stellan"]
[Result "1-0"]
[WhiteElo "2405"]
[BlackElo "2534"]
[EventDate "2003.05.30"]
[PlyCount "99"]

1.c4 Nf6 2.g3 c6 3.Bg2 d5 4.Nf3 dxc4 5.O-O Nbd7 6.a4 Nc5 7.Na3 Nb3 8.Ra2 
Be6 9.Qc2 Nd4 10.Nxd4 Qxd4 11.Rd1 Ng4 12.e3 Qd3 13.b4 Bd5 14.e4 Be6 15.h3 
Nf6 16.Re1 g6 17.Bf1 Qd7 18.Nxc4 Bg7 19.Kh2 O-O 20.Bb2 b5 21.Ne5 Qd6 22.
Ra3 Rfc8 23.Nd3 Nd7 24.Bxg7 Kxg7 25.Qc3+ Kg8 26.Nc5 a5 27.Nxe6 fxe6 28.
axb5 cxb5 29.Rxa5 Rxc3 30.Rxa8+ Kf7 31.dxc3 Qd2 32.Re2 Qxc3 33.Re3 Qxb4 
34.e5 Qc5 35.Ra5 Qc1 36.Kg1 b4 37.Rb5 Qa1 38.Rxb4 Nxe5 39.Rf4+ Kg7 40.Rfe4
Nf7 41.Rxe6 Ng5 42.Rxe7+ Kf6 43.h4 Nf3+ 44.Kg2 Nd4 45.Bc4 g5 46.Rf7+ Kg6 
47.Rd7 gxh4 48.Rd6+ Kg5 49.Re5+ Nf5 50.f4+ 1-0

[Event "4th EUR-ch"]
[Site "Istanbul TUR"]
[Date "2003.06.11"]
[Round "11.75"]
[White "Pogorelov, Ruslan"]
[Black "Jenni, Florian"]
[Result "1-0"]
[WhiteElo "2489"]
[BlackElo "2516"]
[EventDate "2003.05.30"]
[PlyCount "105"]

1.Nf3 Nf6 2.c4 e6 3.Nc3 Bb4 4.Qc2 O-O 5.a3 Bxc3 6.Qxc3 b6 7.b4 Bb7 8.Bb2 
a5 9.e3 d6 10.Be2 axb4 11.axb4 Rxa1+ 12.Bxa1 c5 13.O-O Qc7 14.Bb2 e5 15.d3
Nc6 16.b5 Nd8 17.Nd2 Ne6 18.Ra1 Ra8 19.Rxa8+ Bxa8 20.Qa3 Qb8 21.Bf3 Bxf3 
22.Nxf3 Qb7 23.h3 h6 24.d4 cxd4 25.exd4 e4 26.d5 exf3 27.dxe6 Qe4 28.Bxf6 
gxf6 29.Qxd6 fxe6 30.Qxb6 Qe1+ 31.Kh2 fxg2 32.Qb8+ Kf7 33.Qb7+ Kf8 34.Kxg2
Qe5 35.Qf3 Qc7 36.Qg3 Qc5 37.Qf4 Kf7 38.Qxh6 Qxc4 39.Qh7+ Kf8 40.Qb7 Qc5 
41.Qc6 Qg5+ 42.Kf1 Qf5 43.b6 Qxh3+ 44.Ke1 Qg4 45.b7 Qg1+ 46.Ke2 Qg4+ 47.
Kd3 Qd1+ 48.Kc4 Qc2+ 49.Kb5 Qb2+ 50.Ka6 Qa3+ 51.Kb6 Qb4+ 52.Kc7 Qa5+ 53.
Kc8 1-0

[Event "4th EUR-ch"]
[Site "Istanbul TUR"]
[Date "2003.06.11"]
[Round "11.76"]
[White "Reinderman, Dimitri"]
[Black "Zaja, Ivan"]
[Result "1/2-1/2"]
[WhiteElo "2516"]
[BlackElo "2417"]
[EventDate "2003.05.30"]
[PlyCount "112"]

1.c4 Nf6 2.Nc3 e6 3.e4 d5 4.e5 d4 5.exf6 dxc3 6.bxc3 Qxf6 7.Nf3 c5 8.d4 h6
9.Bd3 Nc6 10.O-O Bd6 11.Be3 O-O 12.Nd2 Qe7 13.f4 f5 14.Qe2 b6 15.Nb3 cxd4 
16.cxd4 Nb4 17.Bb1 Ba6 18.Bd2 Rac8 19.Bxb4 Bxb4 20.Bd3 Rfd8 21.Rac1 Ba3 
22.Rc2 Qf6 23.Rf3 Bd6 24.Re3 Re8 25.g3 Rcd8 26.c5 Bxd3 27.Rxd3 Bc7 28.Re3 
Re7 29.Qc4 bxc5 30.dxc5 g5 31.fxg5 hxg5 32.Rce2 Kf7 33.Kg2 f4 34.Rd3 Qf5 
35.Red2 Rh8 36.Kg1 fxg3 37.hxg3 Kg8 38.Re3 Rh6 39.Qe4 Qxe4 40.Rxe4 Bxg3 
41.Rg2 Bc7 42.Rxg5+ Kf7 43.Nd4 Rd7 44.Nf3 Rd5 45.Rb4 Rh5 46.Rxh5 Rxh5 47.
Rc4 Rxc5 48.Rxc5 Bb6 49.Ng5+ Ke7 50.Ne4 Bxc5+ 51.Nxc5 Kd6 52.Nd3 Kc6 53.
Kf2 Kb5 54.Ke3 Ka4 55.Kd2 Ka3 56.Nc1 Kb2 1/2-1/2

[Event "4th EUR-ch"]
[Site "Istanbul TUR"]
[Date "2003.06.11"]
[Round "11.77"]
[White "Atakisi, Umut"]
[Black "Arizmendi Martinez, Julen Luis"]
[Result "0-1"]
[WhiteElo "2303"]
[BlackElo "2516"]
[EventDate "2003.05.30"]
[PlyCount "54"]

1.e4 c5 2.Nf3 Nc6 3.d4 cxd4 4.Nxd4 Nf6 5.Nc3 e5 6.Ndb5 d6 7.Bg5 a6 8.Na3 
b5 9.Bxf6 gxf6 10.Nd5 f5 11.exf5 Bxf5 12.c3 Be6 13.Nc2 Bh6 14.a4 O-O 15.
axb5 axb5 16.Rxa8 Qxa8 17.Bxb5 Nd4 18.Nf6+ Kh8 19.Nxd4 Qxg2 20.Bc6 d5 21.
Qh5 Qxh1+ 22.Ke2 Qc1 23.Nf5 Qc2+ 24.Kf1 Bxf5 25.Qxh6 Qd1+ 26.Kg2 Rg8+ 27.
Nxg8 Qg4+ 0-1

[Event "4th EUR-ch"]
[Site "Istanbul TUR"]
[Date "2003.06.11"]
[Round "11.79"]
[White "Rotsagov, Mihhail"]
[Black "Krasenkow, Michal"]
[Result "1/2-1/2"]
[WhiteElo "2487"]
[BlackElo "2609"]
[EventDate "2003.05.30"]
[PlyCount "25"]

1.e4 e5 2.Nf3 Nf6 3.Nxe5 d6 4.Nf3 Nxe4 5.Qe2 Qe7 6.d3 Nf6 7.Bg5 Qxe2+ 8.
Bxe2 Be7 9.Nc3 c6 10.Ne4 Nxe4 11.dxe4 Bxg5 12.Nxg5 Ke7 13.O-O-O 1/2-1/2

[Event "4th EUR-ch"]
[Site "Istanbul TUR"]
[Date "2003.06.11"]
[Round "11.81"]
[White "Dzhakaev, Dzhakay"]
[Black "Socko, Bartosz"]
[Result "0-1"]
[WhiteElo "2465"]
[BlackElo "2577"]
[EventDate "2003.05.30"]
[PlyCount "97"]

1.e4 e5 2.Nf3 Nc6 3.Bb5 a6 4.Ba4 Nf6 5.O-O Be7 6.Re1 b5 7.Bb3 d6 8.c3 O-O 
9.h3 Nb8 10.d4 Nbd7 11.Nbd2 Bb7 12.Bc2 Re8 13.Nf1 Bf8 14.Ng3 g6 15.a4 Bg7 
16.d5 Qb8 17.b3 c6 18.c4 bxc4 19.bxc4 a5 20.Rb1 Qc7 21.Ba3 Nc5 22.Nd2 Bh6 
23.Ngf1 Ba6 24.Ne3 Rab8 25.Qf3 Kg7 26.Rbd1 Nfd7 27.h4 Nf6 28.Ndf1 Rf8 29.
Nh2 Qe7 30.Nhg4 Bxe3 31.Nxe3 Rfc8 32.h5 Nxh5 33.dxc6 Rxc6 34.Nf5+ gxf5 35.
exf5 Rc7 36.Qxh5 f6 37.f4 Kh8 38.fxe5 dxe5 39.Re3 Rg8 40.Be4 Qg7 41.Bd5 
Bb7 42.Rd2 Bxd5 43.cxd5 Nxa4 44.d6 Rc4 45.Qe2 Rh4 46.d7 Qh6 47.Qf3 Rh1+ 
48.Kf2 Qh2 49.Ree2 0-1

[Event "4th EUR-ch"]
[Site "Istanbul TUR"]
[Date "2003.06.11"]
[Round "11.82"]
[White "Ivanisevic, Ivan"]
[Black "Tratar, Marko"]
[Result "0-1"]
[WhiteElo "2569"]
[BlackElo "2464"]
[EventDate "2003.05.30"]
[PlyCount "68"]

1.d4 d6 2.c4 Nf6 3.Nc3 g6 4.e4 Bg7 5.h3 O-O 6.Bg5 Na6 7.Bd3 e5 8.d5 c6 9.
Nge2 Nc5 10.Bc2 a5 11.O-O cxd5 12.cxd5 Bd7 13.a3 a4 14.Kh1 Qe7 15.Qd2 Rfc8
16.Rab1 b5 17.f3 Be8 18.g4 Rab8 19.Na2 Qb7 20.Nb4 Na6 21.Ng3 Nxb4 22.axb4 
Nd7 23.Bd3 Nb6 24.Nf5 gxf5 25.gxf5 f6 26.Bh6 Kh8 27.Rg1 Bxh6 28.Qxh6 Qe7 
29.f4 exf4 30.Rg4 Bd7 31.Rg6 Rg8 32.Rxf6 Nc4 33.Rf1 Qg7 34.Qxg7+ Rxg7 0-1

[Event "4th EUR-ch"]
[Site "Istanbul TUR"]
[Date "2003.06.11"]
[Round "11.83"]
[White "Arlandi, Ennio"]
[Black "Ruck, Robert"]
[Result "0-1"]
[WhiteElo "2456"]
[BlackElo "2569"]
[EventDate "2003.05.30"]
[PlyCount "56"]

1.d4 Nf6 2.c4 e6 3.Nc3 Bb4 4.Qc2 O-O 5.a3 Bxc3+ 6.Qxc3 b6 7.Bg5 Bb7 8.e3 
d6 9.f3 Nbd7 10.Nh3 h6 11.Bh4 Rc8 12.Nf2 c5 13.dxc5 Rxc5 14.Bg3 Qe7 15.Qd2
d5 16.cxd5 exd5 17.Nd3 Bc6 18.Be2 Qe6 19.Bf2 d4 20.e4 Bxe4 21.Nf4 Qd6 22.
Bxd4 g5 23.Nh3 Bf5 24.Kf2 Ne5 25.Rhd1 Re8 26.Kf1 Bxh3 27.gxh3 Qd7 28.Bc3 
Nd5 0-1

[Event "4th EUR-ch"]
[Site "Istanbul TUR"]
[Date "2003.06.11"]
[Round "11.84"]
[White "Yagupov, Igor"]
[Black "Romero Holmes, Alfonso"]
[Result "1/2-1/2"]
[WhiteElo "2454"]
[BlackElo "2560"]
[EventDate "2003.05.30"]
[PlyCount "80"]

1.e4 c5 2.Nf3 d6 3.d4 cxd4 4.Nxd4 Nf6 5.Nc3 Nc6 6.Bg5 e6 7.Qd2 Qb6 8.O-O-O
Qxd4 9.Qxd4 Nxd4 10.Rxd4 a6 11.f3 Rb8 12.Bc4 Bd7 13.Bb3 Bc6 14.Bh4 h5 15.
Rhd1 Be7 16.Bg3 e5 17.R4d2 h4 18.Bf2 Rh6 19.Kb1 b5 20.a3 Rb7 21.a4 Rb8 22.
axb5 axb5 23.Nd5 Nxd5 24.Bxd5 Bxd5 25.Rxd5 Rg6 26.g3 hxg3 27.hxg3 Rh6 28.
Ka2 Rh2 29.R1d2 Bg5 30.Be3 Rxd2 31.Bxd2 Bxd2 32.Rxd2 Kd7 33.Kb3 Rh8 34.Kb4
Kc6 35.Rd3 Rh2 36.Rc3+ Kb6 37.b3 Rf2 38.Rd3 Kc6 39.Rc3+ Kb6 40.Rd3 Kc6 
1/2-1/2

[Event "4th EUR-ch"]
[Site "Istanbul TUR"]
[Date "2003.06.11"]
[Round "11.86"]
[White "Hug, Werner"]
[Black "Nedev, Trajce"]
[Result "1/2-1/2"]
[WhiteElo "2453"]
[BlackElo "2518"]
[EventDate "2003.05.30"]
[PlyCount "98"]

1.d4 Nf6 2.Nf3 d6 3.c3 Nbd7 4.Nbd2 g6 5.e4 Bg7 6.Bd3 O-O 7.O-O b6 8.Re1 
Bb7 9.a4 a6 10.Nf1 e5 11.Ng3 Re8 12.h3 exd4 13.cxd4 c5 14.d5 Rc8 15.Bc4 
Ne5 16.Nxe5 Rxe5 17.Bf4 Re8 18.Qd3 Qc7 19.Rac1 Nd7 20.b3 Ra8 21.Bd2 Ne5 
22.Qc2 Nxc4 23.bxc4 b5 24.Bc3 b4 25.Bxg7 Kxg7 26.Re3 f6 27.Rce1 Re7 28.f4 
Rae8 29.Nf1 Bc8 30.Nh2 b3 31.Qxb3 Qa5 32.Nf3 Rb7 33.Qc2 Qb4 34.Kh2 Qb2 35.
Qd3 Qa2 36.e5 fxe5 37.fxe5 Rb2 38.R3e2 Bf5 39.Rxb2 Qxb2 40.Qe3 Qc2 41.Qf4 
dxe5 42.Rxe5 Qxa4 43.Rxe8 Qxe8 44.Qc7+ Kg8 45.Qxc5 Be4 46.d6 Bxf3 47.gxf3 
Qe2+ 48.Kg3 Qe1+ 49.Kg2 Qd2+ 1/2-1/2

[Event "4th EUR-ch"]
[Site "Istanbul TUR"]
[Date "2003.06.11"]
[Round "11.87"]
[White "Volkmann, Friedrich"]
[Black "San Segundo Carrillo, Pablo"]
[Result "1-0"]
[WhiteElo "2435"]
[BlackElo "2515"]
[EventDate "2003.05.30"]
[PlyCount "61"]

1.e4 c5 2.Nf3 Nc6 3.Bb5 g6 4.c3 Nf6 5.e5 Nd5 6.d4 Nc7 7.a4 cxd4 8.cxd4 Bg7
9.d5 Nxb5 10.axb5 Nxe5 11.d6 Nc4 12.Nc3 Nxd6 13.O-O O-O 14.Re1 Nf5 15.g4 
Nh6 16.h3 f5 17.Bg5 fxg4 18.Rxe7 Qxe7 19.Bxe7 Rf7 20.Bd6 gxf3 21.Nd5 Nf5 
22.Nb6 Rf6 23.Bc7 d6 24.Nxa8 Re6 25.Rxa7 Re2 26.Bb6 h5 27.Nc7 Kh7 28.Ra8 
Ne7 29.Bd4 Bh6 30.Nd5 Rd2 31.Qxd2 1-0

[Event "4th EUR-ch"]
[Site "Istanbul TUR"]
[Date "2003.06.11"]
[Round "11.88"]
[White "Bayram, Yakup"]
[Black "Nikolaidis, Ioannis"]
[Result "1-0"]
[WhiteElo "2296"]
[BlackElo "2498"]
[EventDate "2003.05.30"]
[PlyCount "97"]

1.d4 Nf6 2.c4 e6 3.Nf3 b6 4.a3 Ba6 5.Qc2 c5 6.e4 cxd4 7.Nxd4 Bc5 8.Nb3 Nc6
9.Nxc5 bxc5 10.Be3 Qa5+ 11.Nd2 Ng4 12.Be2 Nxe3 13.fxe3 O-O 14.O-O Bc8 15.
Nf3 f6 16.e5 f5 17.g4 Qc7 18.gxf5 Rxf5 19.Bd3 Ne7 20.Bxf5 Nxf5 21.Rae1 Bb7
22.e4 Ne7 23.Qd2 Ng6 24.Qg5 a5 25.a4 Bc6 26.h4 Rf8 27.b3 Qb8 28.Re3 Qe8 
29.Qh5 h6 30.Rf2 Nf4 31.Qxe8 Rxe8 32.Rh2 Ng6 33.h5 Nh8 34.Rh4 Nf7 35.Kf2 
Kh7 36.Rf4 Kg8 37.Rd3 Rb8 38.Ke3 Ra8 39.Kd2 Rc8 40.Kc3 Re8 41.Re3 Rb8 42.
Re1 Re8 43.Rg1 Re7 44.Rfg4 Nd8 45.Kd3 Bb7 46.Nh4 Rf7 47.Ke3 Nc6 48.Ng6 Nd8
49.Rf4 1-0

[Event "4th EUR-ch"]
[Site "Istanbul TUR"]
[Date "2003.06.11"]
[Round "11.89"]
[White "Ataman, Alper"]
[Black "Bocharov, Dmitry"]
[Result "1/2-1/2"]
[WhiteElo "2161"]
[BlackElo "2492"]
[EventDate "2003.05.30"]
[PlyCount "101"]

1.d4 Nf6 2.c4 e6 3.Nf3 Bb4+ 4.Nbd2 O-O 5.a3 Be7 6.e4 d5 7.cxd5 exd5 8.e5 
Nfd7 9.Bd3 c5 10.O-O Nc6 11.Re1 a5 12.Bc2 Qb6 13.dxc5 Nxc5 14.h3 Rd8 15.
Nb3 Ne6 16.Bf5 d4 17.Nbd2 d3 18.Nc4 Qa6 19.Nd6 Bxd6 20.Bxd3 Be7 21.Bxa6 
Rxd1 22.Rxd1 Rxa6 23.Be3 Kf8 24.Rac1 Ke8 25.Rc2 a4 26.Re1 Bd7 27.Kh2 Ra5 
28.Bd2 Rd5 29.Bc3 Bc5 30.Kg3 Ncd4 31.Nxd4 Nxd4 32.Bxd4 Bxd4 33.f4 Bb6 34.
Ree2 Rd3+ 35.Kh2 h5 36.Rc4 Rd1 37.Rce4 Bc6 38.Re1 Rd3 39.R4e2 Bd7 40.e6 
fxe6 41.Rxe6+ Bxe6 42.Rxe6+ Kd7 43.Rxb6 Kc7 44.Rb4 Rd2 45.Rxa4 Rxb2 46.Kg3
h4+ 47.Kf3 Rb3+ 48.Kf2 Rb2+ 49.Kf3 Rb3+ 50.Kf2 Rb2+ 51.Kg1 1/2-1/2

[Event "4th EUR-ch"]
[Site "Istanbul TUR"]
[Date "2003.06.11"]
[Round "11.90"]
[White "Dizdarevic, Emir"]
[Black "Reyhan, Dogan"]
[Result "1-0"]
[WhiteElo "2491"]
[BlackElo "2161"]
[EventDate "2003.05.30"]
[PlyCount "128"]

1.Nf3 Nf6 2.g3 g6 3.Bg2 Bg7 4.O-O O-O 5.d4 d6 6.b3 c5 7.Bb2 Nc6 8.d5 Na5 
9.c4 a6 10.Nbd2 b5 11.e4 Rb8 12.Bc3 Bd7 13.h3 bxc4 14.bxc4 Ne8 15.Qc2 Ba4 
16.Qd3 Bxc3 17.Qxc3 Ng7 18.Rab1 Qc7 19.e5 dxe5 20.Nxe5 Nf5 21.Ndf3 Nd6 22.
Ng4 f6 23.Ne3 Rb7 24.Rxb7 Naxb7 25.Nd2 Qa5 26.Qxa5 Nxa5 27.Rb1 Ra8 28.h4 
Ra7 29.Rb6 Bd7 30.g4 Nc8 31.Rb8 Rb7 32.Ra8 Ra7 33.Rxa7 Nxa7 34.f4 Nc8 35.
Kf2 Nd6 36.Bf1 Kf7 37.Bd3 Ba4 38.g5 Bd7 39.Ndf1 Kg7 40.Ng3 fxg5 41.fxg5 h6
42.Kf3 hxg5 43.hxg5 Nab7 44.Ngf1 Nf7 45.Kf4 Nbd6 46.Nd2 e5+ 47.dxe6 Bxe6 
48.Nb3 Nb7 49.Be4 Nfd6 50.Bxb7 Nxb7 51.Ke5 Kf7 52.Nd2 Ke7 53.Nd5+ Kd7 54.
Nf4 Bf7 55.Kf6 Nd6 56.Nxg6 Bxg6 57.Kxg6 Ke6 58.Kh7 Ke5 59.g6 Kd4 60.Kh8 
Nf5 61.Nf1 Ne7 62.g7 Ng6+ 63.Kg8 Ne7+ 64.Kf7 Ng6 1-0

[Event "4th EUR-ch"]
[Site "Istanbul TUR"]
[Date "2003.06.11"]
[Round "11.91"]
[White "Brendel, Oliver"]
[Black "Shomoev, Anton"]
[Result "0-1"]
[WhiteElo "2378"]
[BlackElo "2558"]
[EventDate "2003.05.30"]
[PlyCount "76"]

1.e4 e5 2.Nf3 Nc6 3.Bb5 a6 4.Ba4 Nf6 5.O-O Be7 6.Bxc6 dxc6 7.Re1 Bg4 8.h3 
Bh5 9.g4 Nxg4 10.hxg4 Bxg4 11.d4 exd4 12.Qd3 c5 13.Nbd2 Qd6 14.Nc4 Qe6 15.
Nfe5 b5 16.Qg3 h5 17.Na5 Bd6 18.f4 Bxe5 19.fxe5 h4 20.Qf4 Rh6 21.Kh2 Rg6 
22.Rg1 Bh5 23.Rxg6 Bxg6 24.Nb3 Qc4 25.Bd2 Qe2+ 26.Kh3 Bxe4 27.Rg1 g6 28.
Nxc5 Bxc2 29.Re1 Qc4 30.b4 Bf5+ 31.Kh2 Qxa2 32.e6 fxe6 33.Kg1 O-O-O 34.Rc1
e5 35.Qxe5 Qxd2 36.Ra1 Qe3+ 37.Qxe3 dxe3 38.Rxa6 Kb8 0-1

[Event "4th EUR-ch"]
[Site "Istanbul TUR"]
[Date "2003.06.11"]
[Round "11.93"]
[White "Kilicaslan, Hasan"]
[Black "Del Rio Angelis, Salvador Gabriel"]
[Result "1-0"]
[WhiteElo "2260"]
[BlackElo "2490"]
[EventDate "2003.05.30"]
[PlyCount "75"]

1.d4 Nf6 2.Nf3 g6 3.Nc3 Bg7 4.e4 d6 5.Bg5 c6 6.Qd2 Qc7 7.Bh6 O-O 8.h4 Bg4 
9.Bxg7 Kxg7 10.Ng5 h6 11.f3 Bc8 12.Nh3 e5 13.O-O-O b5 14.g4 b4 15.Ne2 a5 
16.h5 Qe7 17.Ng3 Nh7 18.hxg6 fxg6 19.Be2 Ba6 20.dxe5 dxe5 21.f4 Qf7 22.Kb1
exf4 23.Rhf1 Bxe2 24.Nxe2 Na6 25.Nhxf4 Kg8 26.Rh1 g5 27.Nd3 Qe6 28.Ng3 
Qxg4 29.Nf5 Qxe4 30.Nxh6+ Kh8 31.Rde1 Qd5 32.Ng4 Ra7 33.Qe3 Rg7 34.Nde5 
Nc7 35.Rxh7+ Rxh7 36.Ng6+ Kg7 37.Nxf8 Kxf8 38.Nf6 1-0

[Event "4th EUR-ch"]
[Site "Istanbul TUR"]
[Date "2003.06.11"]
[Round "11.95"]
[White "Nyysti, Sampsa"]
[Black "Grant, Jonathan"]
[Result "1/2-1/2"]
[WhiteElo "2429"]
[BlackElo "2253"]
[EventDate "2003.05.30"]
[PlyCount "114"]

1.e4 c6 2.d4 d5 3.Nd2 dxe4 4.Nxe4 Bf5 5.Ng3 Bg6 6.h4 h6 7.Nf3 Nd7 8.h5 Bh7
9.Bd3 Bxd3 10.Qxd3 e6 11.Bf4 Ngf6 12.O-O-O Be7 13.Ne5 O-O 14.Ne4 Nxe5 15.
Nxf6+ Bxf6 16.dxe5 Bg5 17.Qxd8 Raxd8 18.Bxg5 hxg5 19.c4 f5 20.exf6 Rxd1+ 
21.Kxd1 Rxf6 22.Ke2 Rf4 23.b3 b5 24.cxb5 cxb5 25.Rc1 Rf5 26.Rc8+ Kh7 27.
Ra8 Rf7 28.Re8 Rc7 29.Kd3 Rc6 30.Rb8 Ra6 31.Rxb5 Rxa2 32.Rxg5 Rxf2 33.g4 
Rf4 34.Kc3 Re4 35.b4 Kh6 36.Rg6+ Kh7 37.b5 e5 38.g5 Rh4 39.Ra6 Rxh5 40.
Rxa7 Kg6 41.Kc4 Rh1 42.b6 Rb1 43.Kc5 Rc1+ 44.Kd5 Rb1 45.Kc6 Rc1+ 46.Kd6 
Rb1 47.Kc6 Rc1+ 48.Kb5 Rb1+ 49.Ka6 Ra1+ 50.Kb7 Rb1 51.Ra5 Kxg5 52.Rc5 Kf4 
53.Kc6 Rxb6+ 54.Kxb6 g5 55.Rc7 g4 56.Kc5 g3 57.Kd5 g2 1/2-1/2

[Event "4th EUR-ch"]
[Site "Istanbul TUR"]
[Date "2003.06.11"]
[Round "11.96"]
[White "Cherniaev, Alexander"]
[Black "Yeke, Serkan"]
[Result "1-0"]
[WhiteElo "2501"]
[BlackElo "2287"]
[EventDate "2003.05.30"]
[PlyCount "39"]

1.e4 e5 2.Nf3 Nc6 3.Bb5 Bc5 4.O-O Nd4 5.b4 Bxb4 6.Nxd4 exd4 7.Bb2 Bc5 8.c3
dxc3 9.Bxc3 Qg5 10.d4 Bb6 11.Bd3 d6 12.f4 Qh4 13.Nd2 Ne7 14.f5 g6 15.Nf3 
Qh5 16.Qe2 Bd7 17.a4 a5 18.Kh1 gxf5 19.exf5 Kf8 20.Ne5 1-0

[Event "4th EUR-ch"]
[Site "Istanbul TUR"]
[Date "2003.06.11"]
[Round "11.97"]
[White "Tzermiadianos, Andreas"]
[Black "Oney, Feridun"]
[Result "1-0"]
[WhiteElo "2428"]
[BlackElo "2251"]
[EventDate "2003.05.30"]
[PlyCount "54"]

1.e4 c5 2.c3 d5 3.exd5 Qxd5 4.d4 e6 5.Nf3 Nf6 6.Be3 cxd4 7.cxd4 Be7 8.Nc3 
Qd8 9.Bd3 Nc6 10.a3 O-O 11.O-O Bd7 12.Qe2 Be8 13.Rad1 Qa5 14.Bc4 Kh8 15.d5
exd5 16.Nxd5 Nxd5 17.Rxd5 Qc7 18.Rfd1 Rd8 19.Rxd8 Bxd8 20.Bc5 Rg8 21.Bd6 
Qc8 22.Qe4 Bf6 23.b4 a6 24.h4 g6 25.Re1 Qf5 26.Qxe8 Bc3 27.Qxf7 Qf4 1-0

[Event "4th EUR-ch"]
[Site "Istanbul TUR"]
[Date "2003.06.11"]
[Round "11.98"]
[White "Arduman, Can"]
[Black "Ipek, Ali"]
[Result "1/2-1/2"]
[WhiteElo "2361"]
[BlackElo "2254"]
[EventDate "2003.05.30"]
[PlyCount "91"]

1.d4 d5 2.c4 c6 3.Nc3 Nf6 4.e3 a6 5.Nf3 b5 6.b3 Bf5 7.Bd3 Bxd3 8.Qxd3 e6 
9.O-O Nbd7 10.cxd5 cxd5 11.a4 b4 12.Ne2 Bd6 13.Bb2 O-O 14.Rac1 Ne4 15.Rc6 
a5 16.Ne5 Nb8 17.Rc2 f6 18.Nc4 Bc7 19.Nd2 Nxd2 20.Qxd2 Ra7 21.Rfc1 Bd6 22.
Qd3 f5 23.Qb5 Rc7 24.Rxc7 Bxc7 25.Nf4 Bxf4 26.exf4 Rf7 27.Rc5 Ra7 28.Qe2 
Kf7 29.Qc2 Qd6 30.g3 Nd7 31.Rc6 Qb8 32.Bc1 Nf6 33.Rc8 Qb7 34.f3 Ne8 35.Rc5
Qb6 36.Be3 Rc7 37.Qd3 Nd6 38.Qc2 Ne8 39.Kf2 Ke7 40.g4 g6 41.g5 Kd7 42.Kg3 
Nd6 43.Qe2 Nb7 44.Rb5 Qc6 45.Bf2 Qd6 46.h4 1/2-1/2

[Event "4th EUR-ch"]
[Site "Istanbul TUR"]
[Date "2003.06.11"]
[Round "11.99"]
[White "Akcan, Umit"]
[Black "Asmundsson, Ingvar"]
[Result "0-1"]
[WhiteElo "2167"]
[BlackElo "2327"]
[EventDate "2003.05.30"]
[PlyCount "118"]

1.e4 c5 2.Nf3 e6 3.d3 Nc6 4.g3 g6 5.Bg2 Bg7 6.O-O Nge7 7.c3 e5 8.a3 a5 9.
a4 O-O 10.Na3 h6 11.Nc4 d5 12.exd5 Nxd5 13.Re1 Re8 14.Qb3 Nc7 15.Be3 Ne6 
16.Rad1 Ra6 17.Qb5 Nc7 18.Qb3 Bf8 19.h4 Be6 20.Qa3 Bxc4 21.dxc4 Qe7 22.Bh3
Rd8 23.Rxd8 Nxd8 24.Qb3 Rf6 25.Nd2 b6 26.Qc2 Rd6 27.Bf4 Nc6 28.Nf3 Bg7 29.
Be3 h5 30.Ng5 f5 31.Rd1 Qd8 32.Rxd6 Qxd6 33.Qd2 Bf8 34.Bg2 e4 35.f3 Ne5 
36.Qxd6 Bxd6 37.Bf4 exf3 38.Bxe5 Bxe5 39.Nxf3 Bxg3 40.Bf1 Kf7 41.Kg2 Bd6 
42.Ng5+ Kf6 43.Kf3 Be7 44.Ke3 Ne6 45.Nf3 Bd6 46.Bg2 Bg3 47.Bf1 Nd8 48.Bg2 
Nf7 49.Bf1 Ne5 50.Be2 Nxf3 51.Bxf3 Bxh4 52.Bd5 Bg5+ 53.Kf3 Bc1 54.b3 Bd2 
55.Bc6 g5 56.Be8 h4 57.Bc6 g4+ 58.Kg2 Bxc3 59.Bd7 Kg5 0-1